00318nam a22001097a 4500082002200000100002100022245006100043260004600104300001300150526003700163650000800200 a359.00942bACWcD aAcworth, Bernard aThe restoration of england 's sea powercBernard Acworth aLondon :bEyre & Spottiswoode Ltd.c1935. a305 p. : a0b0c0d359_009420000000000_ACW aMCE